Estatísticas para Cultura Geral

Clique aqui para jogar o quiz

Estatísticas Gerais

  • Esse quiz foi jogado 48 vezes
  • A pontuação média é 7 de 14

Estatísticas das Respostas

HintResposta% Correto
Que personagem da Disney usava sapatos de cristal?Cinderela
98%
Que nome se dá á animação japonesa?Anime
80%
Que nome se dá ás pessoas que fotografam celebridades?Paparazzi
80%
Como se diz pequeno em inglês?Small
80%
Qual é o contrário de simples?Complicado
75%
Como se chama este símbolo #?Hashtag
68%
A que grupo musical pertenceu o Kurt Cobain?Nirvana
58%
Quem queria fazer um casaco de pele de dálmatas?Cruella de Vil
38%
Como se diz queijo em francês?Fromage
28%
Em que país podemos encontrar a cidade de Waterford?Irlanda
28%
Que nome se dá á carne assada no espeto do Oriente Médio?Kebab
23%
Que nome se dá ao anel luminoso ao redor da cabeça de um anjo?Aréola
18%
Em que país podemos encontrar a cidade de Utreque?Países Baixos
15%
O que representa este símbolo ∑:Somatório
10%

Distribuição das Pontuações

Percentil de Números Respondidos

Porcentagem de Pessoas com Cada Pontuação

Sua Pontuação Histórica

Você não jogou esse quiz